000 00435nam a2200205Ia 4500
008 210210b1836 xxu||||| |||| 00| 0 eng d
041 _aeng
082 _a829/187
100 _aCOOPER (J F)
245 _aResidence in France Vol 2
260 _aLondon
_b-
_c1836
440 _a2
650 _aVol
650 _aResidence
650 _ain
650 _aFrance
650 _a2
690 _aEnglish Fiction
906 _a016794
999 _c136490
_d136490